Estructura y dinámica del gremio de Colibries (Aves: Trochilidae) en un bosque Andino (Registro nro. 13610)

Detalles MARC
000 -CABECERA
Campo de control 003180000a22001090004500
090 ## - CLASIFICACIÓN LOCAL
Colección AR
Consecutivo 04511
041 0# - IDIOMA
Código de idioma para texto/pista de sonido o título separado
100 1# - ASIENTO PRINCIPAL--NOMBRE PERSONAL
Nombre personal Murcía , Carolina
245 10 - MENCION DE TITULO
Título Estructura y dinámica del gremio de Colibries (Aves: Trochilidae) en un bosque Andino
773 1# - Item fuente:
Título Humboldtia
Paginas del Articulo 29-64
Lugar, editorial y fecha de publicación 1987
Información sobre la relación 1
942 ## - ELEMENTOS ADICIONALES (KOHA)
Tipo de ítem Artículo
Existencias
Withdrawn status Lost status Damaged status No para préstamo Colección Ubicación Permanente Ubicación actual Fecha de adquisición Datos de publicación Seriada Total Checkouts Número topográfico Inventario / Código de Barras Date last seen Ejemplar Price effective from Forma de adquisición Tipo de material
      No para Préstamo Hemeroteca Bogotá Bogotá 29/09/2009 Fuera de circulación   AR 04511 027617 25/03/2015 1 25/03/2015   Artículo